000 01977cam a2200349 a 4500
001 17223443
003 Nust- CAS-E
005 20180118181357.0
008 120323s2012 njua b 000 0 eng
010 _a 2012005089
020 _a9781118168530
020 _a1118168534
040 _aDLC
_cDLC
_dDLC
042 _apcc
050 0 0 _aTK8322
_b.O735 2012
082 0 0 _a621.31244
_223
_bORG 2012
084 _aTEC031000
_2bisacsh
245 0 0 _aOrganic, inorganic, and hybrid solar cells :
_bprinciples and practice /
_cChing-Fuh Li ... [et al.].
260 _aHoboken, NJ :
_bWiley,
_cc2012.
300 _axviii, 260 p. :
_bill. ;
_c25 cm.
504 _aIncludes bibliographical references.
520 _a"Many books discuss inorganic semiconductor solar cells and some books for organic solar cells, but very few books deal with the composite solar cells that use both organic materials and inorganic semiconductors. The authors view organic and inorganic composite thin-film solar cells as the most promising photovoltaic technology for future energy solutions. Focusing on all aspects of realizing low-cost and long life solar cells, the text covers inorganic, organic, and hybrid materials. This unique guide provides an unparalleled description of the functioning principles and fabrication techniques of organic-inorganic composite solar cells"--
520 _a"This book will give a detailed description on the organic-inorganic composite solar cells, from the basic principles to practical devices"--
650 0 _aSolar cells
_xMaterials.
650 0 _aThin films.
650 0 _aSolar cells
_xDesign and construction.
650 7 _aTECHNOLOGY & ENGINEERING / Power Resources / General.
_2bisacsh
700 1 _aLin, Ching-Fuh. Su,Wei-Fang. Wu, Chin I. Cheng I-Chun
906 _a7
_bcbc
_corignew
_d1
_eecip
_f20
_gy-gencatlg
942 _2ddc
_cBK
999 _c355308
_d355308